Očarujúca za 21 dní ako získať pôvab a sebavedomie

Podrobná bibliografia
Hlavní autori: Vatasso, Christel (Autor), Loperena, Pascal (Autor)
Ďalší autori: Kovaľová, Anna (Prekladateľ)
Médium: Kniha
Jazyk:slovenčina
francúzština
Fyzický popis:238 strán farebné fotografie, ilustrácie 23 cm
Vydavateľské údaje: Bratislava Ikar 2017
ISBN:9788055154138
Vydanie:Prvé vydanie
Predmet:

MARC

LEADER 00000cam a2200000 4500
001 vtls011633191
003 SK-MaSNL
005 20260302015721.0
008 210624s2017 xo oa grf 000 0 slo
015 |a SNBA2019/08 
020 |a 9788055154138  |q (brožované) 
035 |a E30960DF-66C3-4057-944A-6C50447EB5AF 
035 |a urn:nbn:sk:snk-am3if7p 
035 |a urn:nbn:sk:snk-am00e818 
040 |a SNK  |b slo  |c SNK  |e rda 
041 1 |a slo  |h fre 
044 |a xo  |c SK 
072 7 |a 646  |x Odievanie. Starostlivosť o telo  |2 konspekt 
080 |a 316.346.2-055.2  |2 2011 
080 |a 687.5  |2 2011 
080 |a 159.923.5  |2 2011 
080 |a 646.4  |2 2011 
080 |a (035)  |2 2011 
100 1 |a Vatasso, Christel  |4 aut  |9 661756 
240 1 0 |a 21 jours pour être au top  |l Slovensky 
245 1 0 |a Očarujúca za 21 dní  |b ako získať pôvab a sebavedomie  |c Christel Vatassová, Pascal Loperena ; preložila Anna Kovaľová 
246 3 |a Očarujúca za dvadsať jeden dní 
250 |a Prvé vydanie 
264 1 |a Bratislava  |b Ikar  |c 2017 
300 |a 238 strán  |b farebné fotografie, ilustrácie  |c 23 cm 
336 |a text  |b txt  |2 rdacontent 
336 |a statický obraz  |b sti  |2 rdacontent 
337 |a bez média  |b n  |2 rdamedia 
338 |a zväzok  |b nc  |2 rdacarrier 
500 |a Pravdepodobne preložené z francúzštiny 
650 0 7 |a ženy  |2 SNKPH  |9 4865 
650 0 7 |a starostlivosť o vzhľad  |2 SNKPH  |9 79560 
650 0 7 |a sebavedomie  |2 SNKPH  |9 23453 
650 0 7 |a odievanie  |2 SNKPH  |9 30427 
650 0 7 |a Women  |2 SNKPHeng  |9 266264 
650 0 7 |a Look care  |2 SNKPHeng  |9 332729 
650 0 7 |a Self-confidence  |2 SNKPHeng  |9 302737 
650 0 7 |a Clothing  |2 SNKPHeng  |9 267468 
655 7 |a príručky  |2 SNKPH  |9 74364 
655 7 |a Handbooks, manuals, etc.  |2 SNKPHeng  |9 90964 
700 1 |a Kovaľová, Anna  |4 trl  |9 336636 
700 1 |a Loperena, Pascal  |4 aut  |9 661757 
919 |a 978-80-551-5413-8 
958 |a OP 
968 |b FR 
999 |c 1022331  |d 1024261 
952 |a SNK  |b SNK  |y PREZ  |7 0  |p 17A1374921  |o snkSC 185169  |i snk2019/19398  |8 0  |0 0  |1 0  |4 0  |d 2019-07-25  |f 1  |l 0  |r 2026-02-24 13:28:14  |w 2026-02-24 
952 |a SNK  |b SNK  |y VYP  |7 0  |p 17A1374922  |o snkSC 185169 D1  |i snk2019/19399  |8 0  |0 0  |1 0  |4 0  |d 2019-07-25  |l 0  |r 2026-02-24 13:28:14  |w 2026-02-24